[Event "XIV. DBMM Schach"]
[Site "Dresden"]
[Date "2014.11.21"]
[Round "4.4"]
[White "Fitzke, Ulrich"]
[Black "Büscher, Henrik"]
[Result "0-1"]
[WhiteElo "1898"]
[BlackElo "2112"]
[Annotator "br"]
[PlyCount "62"]
[EventDate "2014.??.??"]
[EventType "team-swiss"]
[EventRounds "7"]
[EventCountry "GER"]
[Source "FV Schach e.V."]
[SourceDate "2015.07.06"]
[WhiteTeam "Deutsche Bahn/BSW Berlin II"]
[BlackTeam "AGI Frankfurt"]
[WhiteTeamCountry "GER"]
[BlackTeamCountry "GER"]

1. d4 d5 2. c4 e6 3. Nc3 f5 4. Nf3 Nf6 5. e3 c6 6. Bd3 Bd6 7. O-O O-O 8. b3 Ne4
9. Bb2 Nd7 10. Rc1 Rf6 11. cxd5 exd5 12. Na4 Qe7 13. Nc5 Rh6 14. Nxd7 Bxh2+ 15.
Kh1 Bxd7 16. Qe2 Bd6+ 17. Kg1 Nf6 18. Ne5 Bxe5 19. dxe5 Ng4 20. g3 Qg5 21. Qf3
Re8 22. Qg2 Nxe3 23. fxe3 Qxe3+ 24. Rf2 Qxd3 25. Rc3 Qd1+ 26. Rf1 Qd4+ 27. Rf2
Qxe5 28. Rxc6 Qe1+ 29. Rf1 Qe3+ 30. Rf2 Bxc6 31. Bc1 Qxc1+ 0-1

[Event "XIV. DBMM Schach"]
[Site "Dresden"]
[Date "2014.11.21"]
[Round "4.1"]
[White "Ungerer, Markus"]
[Black "Koerlin, Hans Juergen"]
[Result "0-1"]
[WhiteElo "2125"]
[BlackElo "1863"]
[Annotator "br"]
[PlyCount "60"]
[EventDate "2014.??.??"]
[EventType "team-swiss"]
[EventRounds "7"]
[EventCountry "GER"]
[Source "FV Schach e.V."]
[SourceDate "2015.07.06"]
[WhiteTeam "W&W"]
[BlackTeam "BA Tempelhof Berlin II"]
[WhiteTeamCountry "GER"]
[BlackTeamCountry "GER"]

1. e4 e5 2. Nf3 Nc6 3. Bc4 Nf6 4. Ng5 d5 5. exd5 Nd4 6. c3 b5 7. cxd4 bxc4 8.
Qa4+ Nd7 9. Nf3 exd4 10. O-O Be7 11. Qxc4 O-O 12. Qxd4 Re8 13. Nc3 Bc5 14. Qc4
a5 15. d4 Ba6 16. Nb5 Ba7 17. a4 Nb6 18. Qxc7 Qxd5 19. Qc5 Qb3 20. Be3 Nxa4 21.
Qf5 Qxb5 22. Qg4 Nb6 23. Rfc1 Nd5 24. Bh6 g6 25. Ng5 Nf6 26. Qf4 Qf5 27. Qc7
Ng4 28. Qxa5 Qxf2+ 29. Kh1 Bb7 30. d5 Qg1+ 0-1

[Event "XIV. DBMM Schach"]
[Site "Dresden"]
[Date "2014.11.21"]
[Round "4.2"]
[White "Quast, Michael"]
[Black "Peck, Malcolm"]
[Result "1-0"]
[WhiteElo "1723"]
[BlackElo "1684"]
[Annotator "br"]
[PlyCount "61"]
[EventDate "2014.??.??"]
[EventType "team-swiss"]
[EventRounds "7"]
[EventCountry "GER"]
[Source "FV Schach e.V."]
[SourceDate "2015.07.06"]
[WhiteTeam "BA Tempelhof Berlin II"]
[BlackTeam "W&W"]
[WhiteTeamCountry "GER"]
[BlackTeamCountry "GER"]

1. b3 d5 2. Bb2 e6 3. f4 Nf6 4. Nf3 Be7 5. e3 c5 6. Bb5+ Nc6 7. Ne5 Qc7 8. O-O
a6 9. Bxc6+ bxc6 10. d3 Bb7 11. Nd2 O-O-O 12. Nxf7 d4 13. Nxh8 dxe3 14. Nf7 Rf8
15. Be5 Qd7 16. Nc4 Nd5 17. Nfd6+ Kb8 18. Nf5+ Ka7 19. Nxe7 Nxe7 20. Nxe3 Nd5
21. Nxd5 cxd5 22. d4 Rc8 23. dxc5 Bc6 24. Qd4 Qb7 25. a4 a5 26. Rfb1 Rg8 27. b4
axb4 28. Rxb4 Qa8 29. Rab1 Qc8 30. Rb6 g5 31. Qb4 1-0

[Event "XIV. DBMM Schach"]
[Site "Dresden"]
[Date "2014.11.21"]
[Round "4.3"]
[White "Uhlarz, Joerg"]
[Black "Bockelmann, Rolf"]
[Result "1-0"]
[WhiteElo "1743"]
[BlackElo "1709"]
[Annotator "br"]
[PlyCount "95"]
[EventDate "2014.??.??"]
[EventType "team-swiss"]
[EventRounds "7"]
[EventCountry "GER"]
[Source "FV Schach e.V."]
[SourceDate "2015.07.06"]
[WhiteTeam "W&W"]
[BlackTeam "BA Tempelhof Berlin II"]
[WhiteTeamCountry "GER"]
[BlackTeamCountry "GER"]

1. d4 Nf6 2. c4 e5 3. d5 Bc5 4. e3 d6 5. Nc3 Bf5 6. b4 Bb6 7. a4 a5 8. Ba3 axb4
9. Bxb4 c5 10. Ba3 Ba5 11. Bb2 Ne4 12. Qb3 Na6 13. Qb5+ Bd7 14. Qb3 O-O 15. Bd3
Bf5 16. Bxe4 Bxe4 17. Nf3 Bd3 18. O-O-O Nb4 19. Ne1 Bg6 20. h4 h6 21. g4 f5 22.
f4 fxg4 23. h5 Bh7 24. fxe5 Qb6 25. Nb5 dxe5 26. d6 Nc6 27. Rg1 Bf5 28. Nd3
Rae8 $11 29. Nf2 Qd8 30. Nxg4 Kh7 31. Nf2 Qh4 32. d7 Rd8 33. Rg2 Rxd7 34. Rxd7
Bxd7 35. Qc2+ Bf5 36. e4 Be6 37. Qe2 Qf4+ 38. Kb1 Nb4 39. Bc1 Qh4 40. Be3 b6
41. Nc7 Bd7 $11 42. Ng4 Qh1+ 43. Bg1 Qh3 44. Ne3 Bxa4 45. Ncd5 Nc6 46. Rh2 Qg3
47. Rg2 Qh4 48. Nf5 {Rest unleserlich.} 1-0

[Event "XIV. DBMM Schach"]
[Site "Dresden"]
[Date "2014.11.21"]
[Round "4.1"]
[White "Wirth, Volker"]
[Black "Schroeder, Kai Uwe"]
[Result "1/2-1/2"]
[WhiteElo "1717"]
[BlackElo "1858"]
[Annotator "br"]
[PlyCount "34"]
[EventDate "2014.??.??"]
[EventType "team-swiss"]
[EventRounds "7"]
[EventCountry "GER"]
[Source "FV Schach e.V."]
[SourceDate "2015.07.06"]
[WhiteTeam "Sparkassen-Vers. Stuttgart II"]
[BlackTeam "Transit Hamburg II"]
[WhiteTeamCountry "GER"]
[BlackTeamCountry "GER"]

1. d4 e6 2. c4 d5 3. Nc3 a6 4. e3 dxc4 5. Bxc4 b5 6. Be2 Bb7 7. Bf3 Bxf3 8.
Nxf3 c5 9. dxc5 Qxd1+ 10. Nxd1 Bxc5 11. a3 Nf6 12. Nc3 Nbd7 13. b4 Be7 14. Bb2
Rc8 15. O-O O-O 16. Rac1 Nb6 17. Ne5 Rfd8 1/2-1/2

[Event "XIV. DBMM Schach"]
[Site "Dresden"]
[Date "2014.11.21"]
[Round "4.2"]
[White "Figger, Udo"]
[Black "Brethauer, Tim"]
[Result "1-0"]
[WhiteElo "1906"]
[BlackElo "1641"]
[Annotator "br"]
[PlyCount "81"]
[EventDate "2014.??.??"]
[EventType "team-swiss"]
[EventRounds "7"]
[EventCountry "GER"]
[Source "FV Schach e.V."]
[SourceDate "2015.07.06"]
[WhiteTeam "Transit Hamburg II"]
[BlackTeam "Sparkassen-Vers. Stuttgart II"]
[WhiteTeamCountry "GER"]
[BlackTeamCountry "GER"]

1. Nc3 e6 2. e4 d5 3. exd5 exd5 4. Qf3 Nf6 5. h3 c6 6. d4 Bd6 7. Bd3 O-O 8. Bg5
Nbd7 9. Nge2 Qc7 10. Bf4 Bxf4 11. Qxf4 Qxf4 12. Nxf4 Re8+ 13. Kd2 Ne4+ 14. Bxe4
dxe4 15. Rae1 f5 16. f3 Nf6 17. fxe4 Nxe4+ 18. Nxe4 fxe4 19. Re3 g5 20. Nh5 Rf8
21. Rhe1 Rf2+ 22. R1e2 Rxe2+ 23. Kxe2 Bf5 24. g4 Bg6 25. Nf6+ Kf7 26. Nxe4 Bxe4
27. Rxe4 Rd8 28. c3 Rd6 29. Re5 Re6 30. Rxe6 Kxe6 31. Kd3 b5 32. b3 Kd6 33. Ke4
Ke6 34. a4 a6 35. axb5 axb5 36. c4 b4 37. d5+ cxd5+ 38. cxd5+ Kd6 39. Kd4 h6
40. Kc4 Ke5 41. Kc5 1-0

[Event "XIV. DBMM Schach"]
[Site "Dresden"]
[Date "2014.11.21"]
[Round "4.4"]
[White "Rulfs, Ernst August"]
[Black "Stahr, Ralf Peter"]
[Result "0-1"]
[WhiteElo "1598"]
[BlackElo "2042"]
[Annotator "br"]
[PlyCount "60"]
[EventDate "2014.??.??"]
[EventType "team-swiss"]
[EventRounds "7"]
[EventCountry "GER"]
[Source "FV Schach e.V."]
[SourceDate "2015.07.06"]
[WhiteTeam "Transit Hamburg II"]
[BlackTeam "Sparkassen-Vers. Stuttgart II"]
[WhiteTeamCountry "GER"]
[BlackTeamCountry "GER"]

1. c4 e5 2. Nc3 Nc6 3. Nf3 f5 4. d4 e4 5. Bg5 Nf6 6. Ne5 Be7 7. Nxc6 bxc6 8. e3
Rb8 9. b3 O-O 10. Be2 d5 11. O-O Be6 12. cxd5 cxd5 13. Bf4 Rc8 14. Rc1 c5 15.
Ba6 Rc6 16. Bb5 Rb6 17. dxc5 Bxc5 18. Qe2 Bd6 19. Na4 Bxf4 20. exf4 Rd6 21. Nc5
Bc8 22. Rfd1 d4 23. Bc4+ Kh8 24. b4 Qb6 25. Qb2 Rfd8 26. a4 a5 27. Bb5 axb4 28.
Qxb4 Nd5 29. Qxd4 Nxf4 30. Qa1 Qxc5 0-1

[Event "XIV. DBMM Schach"]
[Site "Dresden"]
[Date "2014.11.21"]
[Round "4.1"]
[White "Bumes, Konrad"]
[Black "Raum, Norbert"]
[Result "1/2-1/2"]
[WhiteElo "1848"]
[BlackElo "1816"]
[Annotator "br"]
[PlyCount "116"]
[EventDate "2014.??.??"]
[EventType "team-swiss"]
[EventRounds "7"]
[EventCountry "GER"]
[Source "FV Schach e.V."]
[SourceDate "2015.07.06"]
[WhiteTeam "EPA Muenchen II"]
[BlackTeam "Baubehoerde Hamburg II"]
[WhiteTeamCountry "GER"]
[BlackTeamCountry "GER"]

1. d4 Nf6 2. c4 e6 3. Nc3 Bb4 4. Qc2 d6 5. Bg5 Nbd7 6. Nf3 h6 7. Bxf6 Bxc3+ 8.
Qxc3 Nxf6 9. e3 b6 10. Bd3 Bb7 11. Qc2 Qe7 12. O-O-O O-O-O 13. e4 e5 14. d5 Kb8
15. Kb1 g6 16. b4 Nd7 17. Nd2 c5 18. a3 Rc8 19. b5 Kc7 20. Kb2 Ra8 21. Ra1 a6
22. a4 Qf6 23. Nb3 axb5 24. axb5 h5 25. Qe2 Rxa1 26. Rxa1 Ra8 27. Rxa8 Bxa8 28.
Nd2 Bb7 29. Qe3 g5 30. h3 Nf8 31. Be2 h4 32. Nf3 Nh7 33. Nh2 Qg7 34. Bg4 Nf6
35. Bf5 Nh5 36. Bg4 Nf4 37. g3 hxg3 38. fxg3 f5 39. Bxf5 Nh5 40. Qf3 Nf6 41.
Be6 Qh6 42. Ng4 Nxg4 43. Qxg4 Qf6 44. Bf5 Bc8 45. h4 gxh4 46. Qxh4 Qg7 47. Bxc8
Kxc8 48. g4 Qf8 49. g5 Qf1 50. Qg4+ Kc7 51. g6 Qf2+ 52. Kc1 Qe1+ 53. Kc2 Qf2+
54. Kd3 Qd4+ 55. Ke2 Qxc4+ 56. Kf2 Qd4+ 57. Kg2 Qd2+ 58. Kh3 Qh6+ 1/2-1/2

[Event "XIV. DBMM Schach"]
[Site "Dresden"]
[Date "2014.11.21"]
[Round "4.2"]
[White "Hoffeins, Hans Werner"]
[Black "Santos, Paulo"]
[Result "0-1"]
[WhiteElo "1791"]
[BlackElo "1800"]
[Annotator "br"]
[PlyCount "86"]
[EventDate "2014.??.??"]
[EventType "team-swiss"]
[EventRounds "7"]
[EventCountry "GER"]
[Source "FV Schach e.V."]
[SourceDate "2015.07.06"]
[WhiteTeam "Baubehoerde Hamburg II"]
[BlackTeam "EPA Muenchen II"]
[WhiteTeamCountry "GER"]
[BlackTeamCountry "GER"]

1. e4 e5 2. Nf3 Nc6 3. d3 Nf6 4. Be2 Be7 5. O-O O-O 6. Nc3 d5 7. Bg5 d4 8. Bxf6
Bxf6 9. Nd5 Be6 10. Nxf6+ Qxf6 11. Qd2 Rfd8 12. Qg5 Qxg5 13. Nxg5 Bd7 14. g4 f6
15. Nh3 g5 16. a3 a5 17. Kg2 Ne7 18. Kg3 c5 19. Ng1 b5 20. Nf3 Ng6 21. h4 h6
22. hxg5 hxg5 23. Rh1 Nf4 24. Bf1 Kg7 25. Ne1 Rh8 26. Rxh8 Rxh8 27. f3 a4 28.
Rd1 b4 29. Ng2 Ne6 30. Kf2 Rb8 31. Ke2 Nc7 32. Kd2 bxa3 33. bxa3 Rb2 34. Ra1
Rb7 35. Be2 Nb5 36. Bd1 Nc3 37. Kc1 Kf7 38. Ne1 Ke7 39. Ng2 Kd6 40. Ne1 Be6 41.
Ng2 Rh7 42. Ne1 Rh2 43. Kb2 Rd2 0-1

[Event "XIV. DBMM Schach"]
[Site "Dresden"]
[Date "2014.11.21"]
[Round "4.3"]
[White "Lange, Ronny"]
[Black "Hartmann, Jens"]
[Result "0-1"]
[WhiteElo "1693"]
[BlackElo "1788"]
[Annotator "br"]
[PlyCount "80"]
[EventDate "2014.??.??"]
[EventType "team-swiss"]
[EventRounds "7"]
[EventCountry "GER"]
[Source "FV Schach e.V."]
[SourceDate "2015.07.06"]
[WhiteTeam "EPA Muenchen II"]
[BlackTeam "Baubehoerde Hamburg II"]
[WhiteTeamCountry "GER"]
[BlackTeamCountry "GER"]

1. e4 e5 2. Nf3 Nc6 3. Bc4 Nf6 4. d4 exd4 5. e5 d5 6. Bb5 Nd7 7. O-O Be7 8.
Bxc6 bxc6 9. Nxd4 Bb7 10. e6 Nf6 11. exf7+ Kxf7 12. Qe2 Qd7 13. Re1 Rhe8 14.
Be3 c5 15. Nf3 Qd6 16. c3 Kg8 17. Na3 Ba6 18. Qc2 Ng4 19. h3 Nxe3 20. Rxe3 Bf6
21. Rae1 Rxe3 22. Rxe3 Qd7 23. c4 d4 24. Qe4 Rb8 25. Rb3 Re8 26. Qd3 c6 27. Nc2
Qe6 28. Nd2 Qe2 29. Ra3 Qxd3 30. Rxd3 Bc8 31. g4 Bh4 32. Kf1 Rf8 33. f3 h5 34.
Kg2 hxg4 35. hxg4 Re8 36. Kh3 Bg5 37. Ne4 Bf4 38. b4 Ba6 39. Nxc5 Re2 40. g5
Bc8+ 0-1

[Event "XIV. DBMM Schach"]
[Site "Dresden"]
[Date "2014.11.21"]
[Round "4.4"]
[White "Hein, Andrea"]
[Black "Sidoti, Filippo"]
[Result "0-1"]
[WhiteElo "1430"]
[BlackElo "1597"]
[Annotator "br"]
[PlyCount "42"]
[EventDate "2014.??.??"]
[EventType "team-swiss"]
[EventRounds "7"]
[EventCountry "GER"]
[Source "FV Schach e.V."]
[SourceDate "2015.07.06"]
[WhiteTeam "Baubehoerde Hamburg II"]
[BlackTeam "EPA Muenchen II"]
[WhiteTeamCountry "GER"]
[BlackTeamCountry "GER"]

1. d4 d5 2. c4 c6 3. Nc3 Nf6 4. Bg5 e6 5. Nf3 Be7 6. e3 h6 7. Bxf6 Bxf6 8. Be2
Nd7 9. O-O O-O 10. c5 e5 11. a3 Re8 12. Re1 exd4 13. exd4 Nf8 14. h3 Bf5 15.
Kf1 Qd7 16. Rc1 Ng6 17. b4 Nf4 18. b5 Bxh3 19. Kg1 Nxg2 20. Nh2 Nxe1 21. Qxe1
Qf5 0-1

[Event "XIV. DBMM Schach"]
[Site "Dresden"]
[Date "2014.11.21"]
[Round "4.1"]
[White "Zunk, Olaf"]
[Black "Mikoteit, Siegfried"]
[Result "0-1"]
[WhiteElo "1402"]
[BlackElo "1304"]
[Annotator "br"]
[PlyCount "52"]
[EventDate "2014.??.??"]
[EventType "team-swiss"]
[EventRounds "7"]
[EventCountry "GER"]
[Source "FV Schach e.V."]
[SourceDate "2015.07.06"]
[WhiteTeam "ADAC Muenchen II"]
[BlackTeam "SG Airbus Bremen"]
[WhiteTeamCountry "GER"]
[BlackTeamCountry "GER"]

1. e4 e5 2. Nf3 Nc6 3. Bc4 Nf6 4. d3 Be7 5. a3 O-O 6. c3 d6 7. Be3 Bg4 8. Nbd2
Na5 9. Ba2 c5 10. b4 Nc6 11. O-O b6 12. Re1 d5 13. h3 Bh5 14. exd5 Nxd5 15.
Bxd5 Qxd5 16. Qc2 Bg6 17. Ne4 cxb4 18. axb4 f5 19. c4 Nxb4 20. Qb3 Qxd3 21.
Qxd3 Nxd3 22. Ned2 Nxe1 23. Rxe1 f4 24. Nxe5 fxe3 25. Rxe3 Bc5 26. Nxg6 Bxe3
0-1

[Event "XIV. DBMM Schach"]
[Site "Dresden"]
[Date "2014.11.21"]
[Round "4.2"]
[White "Hueners, Rolf"]
[Black "Lajh, Anton"]
[Result "1/2-1/2"]
[WhiteElo "1389"]
[BlackElo "1530"]
[Annotator "br"]
[PlyCount "105"]
[EventDate "2014.??.??"]
[EventType "team-swiss"]
[EventRounds "7"]
[EventCountry "GER"]
[Source "FV Schach e.V."]
[SourceDate "2015.07.06"]
[WhiteTeam "SG Airbus Bremen"]
[BlackTeam "ADAC Muenchen II"]
[WhiteTeamCountry "GER"]
[BlackTeamCountry "GER"]

1. d4 d5 2. e3 Bf5 3. Bd3 Bxd3 4. Qxd3 a6 5. Nf3 Nf6 6. Nc3 Nc6 7. a3 e6 8. O-O
Bd6 9. h3 O-O 10. b4 Ne7 11. e4 dxe4 12. Nxe4 Ng6 13. c4 Bf4 14. Bxf4 Nxf4 15.
Qe3 Ng6 16. Rad1 Qe7 17. Ne5 Nxe5 18. dxe5 Nxe4 19. Qxe4 Rab8 20. c5 Rfd8 21.
f4 Qh4 22. Qf3 g6 23. Rxd8+ Qxd8 24. Rd1 Qe7 25. Kh2 Kf8 26. g4 Ke8 27. c6 bxc6
28. Qxc6+ Kf8 29. Rd7 Qh4 30. Qc5+ Kg7 31. Rxf7+ Kg8 32. Rxc7 h5 33. Rc8+ Rxc8
34. Qxc8+ Kf7 35. Qd7+ Kf8 36. Qd1 hxg4 37. Qxg4 Qf2+ 38. Qg2 Qxf4+ 39. Kg1
Qxe5 40. Qf1+ Ke7 41. Qxa6 Qg3+ 42. Kf1 Qxh3+ 43. Ke1 Qe3+ 44. Kd1 g5 45. Kc2
g4 46. Qd3 Qf2+ 47. Kd1 g3 48. Qh7+ Kd6 49. Qd3+ Ke7 50. Qh7+ Kf6 51. Qh8+ Ke7
52. Qh7+ Kd6 53. Qd3+ 1/2-1/2

[Event "XIV. DBMM Schach"]
[Site "Dresden"]
[Date "2014.11.21"]
[Round "4.4"]
[White "Feldmann, Alfred"]
[Black "Zunk, Steffi"]
[Result "1-0"]
[WhiteElo "1435"]
[BlackElo "822"]
[Annotator "br"]
[PlyCount "35"]
[EventDate "2014.??.??"]
[EventType "team-swiss"]
[EventRounds "7"]
[EventCountry "GER"]
[Source "FV Schach e.V."]
[SourceDate "2015.07.06"]
[WhiteTeam "SG Airbus Bremen"]
[BlackTeam "ADAC Muenchen II"]
[WhiteTeamCountry "GER"]
[BlackTeamCountry "GER"]

1. d4 d5 2. c4 e6 3. Nc3 dxc4 4. e3 Nf6 5. Bxc4 Nc6 6. Nf3 Bd6 7. O-O O-O 8. e4
Na5 9. Bd3 a6 10. e5 Nd5 11. exd6 Qxd6 12. Ng5 Nf6 13. Be3 e5 14. Nce4 Qe7 15.
Nxf6+ Qxf6 16. Nxh7 Qe7 17. Nxf8 Qxf8 18. Qh5 1-0

[Event "XIV. DBMM Schach"]
[Site "Dresden"]
[Date "2014.11.22"]
[Round "5.1"]
[White "Gohil, Harry"]
[Black "Meister, Jakob"]
[Result "0-1"]
[WhiteElo "2322"]
[BlackElo "2466"]
[Annotator "br"]
[PlyCount "50"]
[EventDate "2014.??.??"]
[EventType "team-swiss"]
[EventRounds "7"]
[EventCountry "GER"]
[Source "FV Schach e.V."]
[SourceDate "2015.07.06"]
[WhiteTeam "BSG Commerzbank Frankfurt"]
[BlackTeam "SK Praesident Berlin"]
[WhiteTeamCountry "GER"]
[BlackTeamCountry "RUS"]

1. d4 d5 2. Nf3 Bf5 3. c4 e6 4. Qb3 Nc6 5. Bd2 Rb8 6. cxd5 exd5 7. Nc3 Nf6 8.
Bg5 Bb4 9. e3 O-O 10. Bxf6 Qxf6 11. Qxd5 Rfe8 12. O-O-O Bxc3 13. bxc3 Be4 14.
Qg5 Qd6 15. Kb2 b5 16. Nd2 Bd5 17. Nb3 Rb6 18. Nc5 Na5 19. Bd3 b4 20. e4 bxc3+
21. Kxc3 Bxa2 22. Bc2 Nb7 23. Ra1 Nxc5 24. Rxa2 Nxe4+ 25. Bxe4 Qb4+ 0-1

[Event "XIV. DBMM Schach"]
[Site "Dresden"]
[Date "2014.11.22"]
[Round "5.2"]
[White "Salov, Sergej"]
[Black "Hilbig, Olaf"]
[Result "1/2-1/2"]
[WhiteElo "2256"]
[BlackElo "2167"]
[Annotator "br"]
[PlyCount "49"]
[EventDate "2014.??.??"]
[EventType "team-swiss"]
[EventRounds "7"]
[EventCountry "GER"]
[Source "FV Schach e.V."]
[SourceDate "2015.07.06"]
[WhiteTeam "SK Praesident Berlin"]
[BlackTeam "BSG Commerzbank Frankfurt"]
[WhiteTeamCountry "RUS"]
[BlackTeamCountry "GER"]

1. Nf3 Nf6 2. g3 g6 3. Bg2 Bg7 4. O-O O-O 5. d3 d6 6. e4 e5 7. Nc3 c6 8. a4 a5
9. h3 Na6 10. Be3 Re8 11. Qd2 Bd7 12. Kh2 Qc7 13. Bh6 d5 14. Bxg7 Kxg7 15. Rae1
d4 16. Nd1 b5 17. axb5 cxb5 18. c3 dxc3 19. bxc3 Rac8 20. Nh4 b4 21. cxb4 Nxb4
22. Ne3 Qd6 23. Rd1 Be6 24. f4 exf4 25. gxf4 1/2-1/2

[Event "XIV. DBMM Schach"]
[Site "Dresden"]
[Date "2014.11.22"]
[Round "5.3"]
[White "Fischer, Alexander"]
[Black "Gruzmann, Boris"]
[Result "0-1"]
[WhiteElo "2038"]
[BlackElo "2246"]
[Annotator "br"]
[PlyCount "74"]
[EventDate "2014.??.??"]
[EventType "team-swiss"]
[EventRounds "7"]
[EventCountry "GER"]
[Source "FV Schach e.V."]
[SourceDate "2015.07.06"]
[WhiteTeam "BSG Commerzbank Frankfurt"]
[BlackTeam "SK Praesident Berlin"]
[WhiteTeamCountry "GER"]
[BlackTeamCountry "RUS"]

1. d4 Nf6 2. c4 g6 3. Nc3 Bg7 4. e4 d6 5. h3 O-O 6. Bg5 Na6 7. Bd3 e5 8. d5 Nc5
9. Bc2 a5 10. Nge2 Bd7 11. O-O Qe8 12. b3 Nh5 13. Rc1 f5 14. Qd2 f4 15. f3 Bf6
16. Bxf6 Rxf6 17. Kf2 Rf7 18. Rh1 Qe7 19. h4 g5 20. hxg5 Qxg5 21. Rcg1 Rg7 22.
Nb5 Bxb5 23. cxb5 b6 24. a3 Nd7 25. Kf1 Ndf6 26. Qe1 Ng3+ 27. Nxg3 fxg3 28. Ke2
Nh5 29. Kd3 Nf4+ 30. Kc3 h5 31. Bd3 h4 32. Bc4 Rf8 33. Be2 Rf6 34. Kc2 Rh6 35.
Bf1 h3 36. Rxh3 Rxh3 37. gxh3 g2 0-1

[Event "XIV. DBMM Schach"]
[Site "Dresden"]
[Date "2014.11.22"]
[Round "5.4"]
[White "Mueller, Reinhard"]
[Black "Lutterbey, Ralf"]
[Result "1/2-1/2"]
[WhiteElo "2129"]
[BlackElo "1903"]
[Annotator "br"]
[PlyCount "90"]
[EventDate "2014.??.??"]
[EventType "team-swiss"]
[EventRounds "7"]
[EventCountry "GER"]
[Source "FV Schach e.V."]
[SourceDate "2015.07.06"]
[WhiteTeam "SK Praesident Berlin"]
[BlackTeam "BSG Commerzbank Frankfurt"]
[WhiteTeamCountry "RUS"]
[BlackTeamCountry "GER"]

1. e4 d5 2. exd5 Qxd5 3. Nc3 Qa5 4. d4 e5 5. Qe2 Bb4 6. Bd2 Bf5 7. Nf3 Nd7 8.
Nxe5 Nxe5 9. Qxe5+ Qxe5+ 10. dxe5 O-O-O 11. O-O-O Ne7 12. Bc4 Nc6 13. Rhe1 Nd4
14. Ne4 Bxd2+ 15. Rxd2 Ne6 16. Bxe6+ Bxe6 17. Red1 Rxd2 18. Rxd2 h6 19. Nc5 Bf5
20. h3 b6 21. g4 Bxg4 22. hxg4 bxc5 23. Rd5 h5 24. gxh5 Rxh5 25. Kd2 f6 26. f4
fxe5 27. fxe5 Rh2+ 28. Kd3 c4+ 29. Kxc4 Rxc2+ 30. Kb3 Re2 31. a4 g5 32. e6 Rxe6
33. Rxg5 Kb7 34. Kc4 Rc6+ 35. Kb3 a6 36. Kb4 Rb6+ 37. Ka3 Rf6 38. b3 Rh6 39.
Rg4 a5 40. Rg5 Kb6 41. Kb2 c6 42. Rg3 Rh2+ 43. Kc3 Rh4 44. Rg8 Rh3+ 45. Kd4
Rh4+ 1/2-1/2

[Event "XIV. DBMM Schach"]
[Site "Dresden"]
[Date "2014.11.22"]
[Round "5.1"]
[White "Kleeschaetzky, Rainer"]
[Black "Schildt, Rene"]
[Result "1/2-1/2"]
[WhiteElo "2321"]
[BlackElo "2073"]
[Annotator "br"]
[PlyCount "88"]
[EventDate "2014.??.??"]
[EventType "team-swiss"]
[EventRounds "7"]
[EventCountry "GER"]
[Source "FV Schach e.V."]
[SourceDate "2015.07.06"]
[WhiteTeam "Deutsche Bahn/BSW Berlin"]
[BlackTeam "BA Tempelhof Berlin"]
[WhiteTeamCountry "GER"]
[BlackTeamCountry "GER"]

1. e4 d5 2. exd5 Qxd5 3. Nc3 Qd6 4. d4 Nf6 5. Nf3 a6 6. Bd3 g6 7. O-O Bf5 8.
Bxf5 gxf5 9. Ne2 Nc6 10. Bf4 Qd7 11. Ne5 Nxe5 12. Bxe5 Bg7 13. Nf4 O-O-O 14. c3
Rhg8 15. Qf3 Ne4 16. Bxg7 Rxg7 17. Rfe1 Rdg8 18. g3 e6 19. Qe3 Kb8 20. f3 Nf6
21. Qe5 Qd8 22. Rad1 Nd7 23. Qe3 Qh4 24. Re2 h5 25. Rg2 Qg5 26. h4 Qh6 27. Kf2
Qh8 28. b4 Rh7 29. a4 Nf8 30. b5 a5 31. b6 cxb6 32. d5 Nd7 33. dxe6 fxe6 34.
Qxe6 Re8 35. Qd6+ Ka7 36. Nd5 Qe5 37. Qxe5 Rxe5 38. c4 Nc5 39. Nc3 Rd7 40. Rgg1
Nd3+ 41. Kg2 Re3 42. Nb5+ Ka6 43. Rgf1 Re2+ 44. Kg1 Rg7 1/2-1/2

[Event "XIV. DBMM Schach"]
[Site "Dresden"]
[Date "2014.11.22"]
[Round "5.2"]
[White "Feikes, Joerg"]
[Black "Baumbach, Friedrich"]
[Result "1/2-1/2"]
[WhiteElo "1968"]
[BlackElo "2186"]
[Annotator "br"]
[PlyCount "44"]
[EventDate "2014.??.??"]
[EventType "team-swiss"]
[EventRounds "7"]
[EventCountry "GER"]
[Source "FV Schach e.V."]
[SourceDate "2015.07.06"]
[WhiteTeam "BA Tempelhof Berlin"]
[BlackTeam "Deutsche Bahn/BSW Berlin"]
[WhiteTeamCountry "GER"]
[BlackTeamCountry "GER"]

1. e4 c5 2. Nc3 Nc6 3. g3 g6 4. Bg2 Bg7 5. d3 d6 6. Be3 e6 7. Qd2 Nge7 8. f4
O-O 9. Nf3 Nd4 10. Nd1 Bd7 11. c3 Nxf3+ 12. Bxf3 Bc6 13. d4 cxd4 14. Bxd4 e5
15. fxe5 dxe5 16. Bc5 Qxd2+ 17. Kxd2 Rfd8+ 18. Ke2 Bb5+ 19. Ke1 Nc6 20. Be2 Bd3
21. Nf2 Bxe2 22. Kxe2 Bh6 1/2-1/2

[Event "XIV. DBMM Schach"]
[Site "Dresden"]
[Date "2014.11.22"]
[Round "5.3"]
[White "Kleeschaetzky, Ralf"]
[Black "Kettenburg, Stefan"]
[Result "1-0"]
[WhiteElo "2239"]
[BlackElo "2063"]
[Annotator "br"]
[PlyCount "85"]
[EventDate "2014.??.??"]
[EventType "team-swiss"]
[EventRounds "7"]
[EventCountry "GER"]
[Source "FV Schach e.V."]
[SourceDate "2015.07.06"]
[WhiteTeam "Deutsche Bahn/BSW Berlin"]
[BlackTeam "BA Tempelhof Berlin"]
[WhiteTeamCountry "GER"]
[BlackTeamCountry "GER"]

1. c4 Nf6 2. Nf3 e6 3. g3 d5 4. Bg2 Be7 5. b3 O-O 6. Bb2 c5 7. cxd5 exd5 8. d4
Nc6 9. O-O Bf5 10. Nc3 Rc8 11. Rc1 a6 12. dxc5 Bxc5 13. Na4 Be7 14. Nd4 Nxd4
15. Qxd4 Qa5 16. Qb6 Qb5 17. Qxb5 axb5 18. Nb6 Rc6 19. Bxf6 Bxf6 20. Nxd5 Ra6
21. Nxf6+ gxf6 22. Rc5 Bd7 23. Rd1 b6 24. Rc2 Be6 25. f4 f5 26. Rd6 Kg7 27. Bd5
Rc8 28. Rd2 Kf6 29. Kf2 Rc7 30. Bc6 Rca7 31. a4 bxa4 32. bxa4 Rxa4 33. Bxa4
Rxa4 34. Rxb6 Ra1 35. g4 fxg4 36. e4 Kg7 37. f5 Bc4 38. Kg3 h5 39. Kh4 Re1 40.
Rd4 Be2 41. Kg5 Bf3 42. f6+ Kh7 43. Rb7 1-0

[Event "XIV. DBMM Schach"]
[Site "Dresden"]
[Date "2014.11.22"]
[Round "5.4"]
[White "Baranowsky, Peter"]
[Black "Schuettig, Ruediger"]
[Result "0-1"]
[WhiteElo "2009"]
[BlackElo "2270"]
[Annotator "pb"]
[PlyCount "68"]
[EventDate "2014.??.??"]
[EventType "team-swiss"]
[EventRounds "7"]
[EventCountry "GER"]
[Source "FV Schach e.V."]
[SourceDate "2015.07.06"]
[WhiteTeam "BA Tempelhof Berlin"]
[BlackTeam "Deutsche Bahn/BSW Berlin"]
[WhiteTeamCountry "GER"]
[BlackTeamCountry "GER"]

1. e4 g6 2. d4 Bg7 3. Nc3 c6 4. Be3 b5 5. Bd3 a5 6. a3 Na6 7. Rb1 b4 8. Nce2 d5
9. c4 dxc4 10. Bxc4 Nf6 11. f3 O-O 12. h4 h5 13. Qd2 Rb8 14. axb4 Rxb4 15. b3
Nd7 16. Bh6 Nb6 17. Bxg7 Kxg7 18. Rc1 Nxc4 19. bxc4 e5 20. d5 Nc5 21. Qc3 Rb3
22. Qxe5+ f6 23. Qd4 Nd3+ 24. Kd2 c5 25. Qa1 Nxc1 26. Nxc1 Rb8 27. Nd3 Qb6 28.
Ne2 Bd7 29. Ng3 Kh7 30. Ne2 a4 31. Nc3 Qd6 32. Ne2 Rb3 33. e5 fxe5 34. Qxe5
Rxd3+ 0-1